000 01954cam a22003854a 4500
005 20260322212014.0
008 data
010 _a 2006005258
020 _a9780801884627 (alk. paper)
020 _a0801884624 (alk. paper)
040 _aDLC
_cDLC
_dYDXCP
_dC#P
_dBTCTA
_dYDXCP
041 0 9 _aeng
042 _anlmcopyc
_anlmcopyc
044 _9United States
050 0 0 _aR703
_b.L47 2006
060 1 0 _aWZ 313
_bL616w 2006
082 0 0 _a610.92/2
_222
092 _a610.92 L6 2006
100 1 _aLerner, Barron H.
245 1 0 _aWhen illness goes public :
_bcelebrity patients and how we look at medicine /
_cBarron H. Lerner.
260 _aBaltimore :
_bJohns Hopkins University Press,
_c2006.
300 _axv, 334 p. :
_bill., ports. ;
_c24 cm.
504 _aIncludes bibliographical references (p. [283]-323) and index.
505 0 _aThe first modern patient : the public death of Lou Gehrig -- Crazy or just high-strung? : Jimmy Piersall's mental illness -- Picturing illness : Margaret Bourke-White publicizes Parkinson's disease -- Politician as patient : John Foster Dulles battles cancer -- No stone unturned : the fight to save Brian Piccolo's life -- Persistent patient : Morris Abram as experimental subject -- Unconventional healing : Steve Mcqueen's Mexican journey -- Medicine's blind spots : the delayed diagnosis of Rita Hayworth -- Hero or victim? : Barney Clark and the technological imperative -- "You murdered my daughter" : Libby Zion and the reform of medical education -- Patient activism goes Hollywood : how America fought AIDS -- The last angry man and woman : Lorenzo Odone's parents fight the medical establishment.
650 1 2 _aFamous Persons
650 1 2 _aChronic Disease
650 2 2 _aMass Media
650 2 2 _aPublic Opinion
650 2 2 _aHealth Knowledge, Attitudes, Practice
655 2 _aCase Reports
992 _pP3
_eE4
_a20061214
993 _aCAD
_b20061219
994 _aCDN
_b20061220
001 data
999 _c291
_d291